000 00324 a2200157 4500
001 68132
020 _a9783126767507
040 _cAnchieta - Pituba
100 _aKramzar, Dejan
240 1 0 _aMaximal B1
_ldeu / ger
245 1 0 _aMaximal B1
300 _a174
362 0 _a2019
650 4 _aLíngua alemã
942 _cBK
999 _c68132
_d68132